[Event "TCh-RUS Premier 2024"]
[Site "Sochi RUS"]
[Date "2024.05.06"]
[Round "5.22"]
[White "Zvjaginsev, V."]
[Black "Matlakov, M."]
[Result "1-0"]
[WhiteElo "2564"]
[BlackElo "2663"]
[PlyCount "65"]
[EventDate "2024.05.01"]
[WhiteTeam "ShSM (Moskva)"]
[BlackTeam "Sportivnyy klub KPRF (Moskva)"]

1. Nf3 d5 2. g3 c6 3. Bg2 Bg4 4. h3 Bh5 5. d3 Nf6 6. O-O Nbd7 7. c4 Bxf3 8. Bxf3 dxc4 9. dxc4 ({RR} 9. d4 e5 10. Nd2 exd4 11. Nxc4 Nb6 12. Na5 Qd7 13. e4 Bb4 14. Nb3 O-O 15. e5 Nfd5 16. a3 Be7 17. Nxd4 Rad8 18. Bg4 Qc7 19. e6 f5 20. Bxf5 c5 21. Nb5 Qe5 22. Bb1 Nc3 23. Qc2 Nxb1 {Saric,I (2652)-Kourkoulos Arditis,S (2580) Eforie Nord ROU 2025 ½-½ (46)}) 9... Ne5 10. Nd2 ({RR} 10. Qb3 Nxf3+ 11. Qxf3 g6 12. Qb3 Qc8 13. Kg2 Bg7 14. Qa3 O-O 15. Nd2 Qe6 16. Qf3 Rfd8 17. Rb1 Rd7 18. b3 Rad8 19. Rb2 h5 20. Rc2 g5 21. Re1 g4 22. hxg4 hxg4 23. Qf4 Rd4 24. e4 Rd3 {Ponkratov,P (2631)-So,W (2770) Chess.com INT 2020 0-1 (58)}) 10... Nxf3+ 11. Nxf3 g6 $146 ({RR} 11... Qxd1 12. Rxd1 e6 13. Be3 Be7 14. Ne5 O-O 15. Rd3 Rfc8 16. g4 b5 17. Rc1 bxc4 18. Rxc4 c5 19. Nd7 Nd5 20. b3 Rc7 21. Ne5 f6 22. Nf3 Nb4 23. Rd2 g5 24. Ne1 Rac8 25. Nd3 Nd5 26. Rdc2 {Markowski,T (2554)-Manik,M (2450) San Marino 2006 ½-½ (46)}) 12. Qxd8+ Rxd8 13. Be3 Ra8 14. a4 Bg7 15. Ra3 Ne4 16. Rb3 b6 17. a5 bxa5 18. Ra1 Nd6 19. Nd2 Nf5 20. Bc5 O-O 21. Rxa5 Rad8 22. Nf3 Rd1+ 23. Kg2 Rc1 24. Rxa7 Rxc4 25. Bxe7 Re8 26. Ba3 h6 27. g4 Nd4 28. Nxd4 Bxd4 29. Rd7 Rxe2 30. Rd8+ Kg7 31. Bf8+ Kh7 32. Rf3 Bb6 33. Rb8 1-0

[Event "Superbet POL Rapid 2024"]
[Site "Warsaw POL"]
[Date "2024.05.09"]
[Round "4.4"]
[White "Gukesh, D."]
[Black "Praggnanandhaa, R."]
[Result "1-0"]
[WhiteElo "2764"]
[BlackElo "2747"]
[PlyCount "82"]
[EventDate "2024.05.08"]
[EventType "rapid"]

1. Nf3 Nf6 2. b3 g6 3. Bb2 Bg7 4. g3 b6 5. Bg2 Bb7 6. O-O O-O 7. e3 c5 ({RR} 7... e6 8. Qe2 Qe7 9. c4 c5 10. d4 d6 11. Rd1 Nbd7 12. a4 a6 13. a5 bxa5 14. Rxa5 Rab8 15. Nbd2 Rfc8 16. Ne1 Bxg2 17. Kxg2 d5 18. Ba3 dxc4 19. bxc4 Rc6 20. Qf3 Qd8 21. Ra4 Qc8 22. Nd3 {Nakamura,H (2802)-Aravindh,C (2698) chess.com INT 2024 1-0 (38)}) 8. d4 cxd4 $146 ({RR} 8... d5 9. Qe2 Nbd7 10. Nbd2 e6 11. c4 Qe7 12. Rfd1 Rfd8 13. Rac1 a5 14. dxc5 Nxc5 15. Bd4 Nfe4 16. Bxg7 Kxg7 17. Nxe4 dxe4 18. Ne1 f5 19. Rxd8 Rxd8 20. Rd1 e5 21. h4 h5 22. Bf1 Kf6 23. Qc2 {Caruana,F (2820)-Vachier Lagrave,M (2760) Paris 2021 ½-½ (56)}) 9. exd4 d5 10. Nbd2 Nc6 11. Re1 e6 12. a4 Re8 13. Ne5 Rc8 14. Ndf3 a5 15. Nxc6 Rxc6 16. Bf1 Rc8 17. Bc1 Ne4 18. Bf4 g5 19. Be3 f5 20. Ne5 Rf8 21. f3 f4 22. Bc1 Qc7 23. Ba3 fxg3 24. fxe4 gxh2+ 25. Kh1 Rf2 26. Qg4 Bxe5 27. Qxe6+ Kh8 28. Qxe5+ Qxe5 29. dxe5 dxe4 30. Re3 Rc3 31. Rxc3 e3+ 32. Bg2 Bxg2+ 33. Kxh2 e2 34. Re1 Bd5+ 35. Kg3 Rg2+ 36. Kh3 h5 37. Rd3 Bc6 38. Rc3 Bd5 39. Re3 Rg4 40. R1xe2 Rg1 41. Re1 Be6+ 1-0

[Event "Superbet POL Blitz 2024"]
[Site "Warsaw POL"]
[Date "2024.05.11"]
[Round "2.2"]
[White "Shevchenko, Kirill"]
[Black "Giri, A."]
[Result "1-0"]
[WhiteElo "2677"]
[BlackElo "2745"]
[PlyCount "127"]
[EventDate "2024.05.11"]
[EventType "blitz"]

1. Nf3 Nf6 2. g3 g6 3. c4 c5 4. Nc3 b6 5. Bg2 Bb7 6. O-O Bg7 7. d4 cxd4 8. Qxd4 O-O 9. Qh4 Na6 10. Bh6 ({RR} 10. Rd1 Rc8 11. Nd5 b5 12. Nxf6+ Bxf6 13. Ng5 h6 14. Qxh6 Bxg5 15. Bxg5 Bxg2 16. cxb5 Nc5 17. Kxg2 Ne6 18. Be3 Rc4 19. Kg1 Qc7 20. Rd5 d6 21. Rad1 Ng7 22. Bd4 e5 23. Bc3 Nf5 24. Qg5 Re8 {Edouard,R (2635)-Almagro Llamas,P (2436) Monzon 2016 1-0 (31)}) 10... Nc5 11. Rad1 ({RR} 11. Bxg7 Kxg7 12. Rfd1 Nce4 13. Nd5 Rb8 14. Rac1 e6 15. Nxf6 Qxf6 16. Qxf6+ Nxf6 17. Rd6 Rfc8 18. Ne5 Bxg2 19. Kxg2 Rb7 20. Rcd1 b5 21. b3 bxc4 22. Nxc4 Rcc7 23. R1d4 Ne8 24. Ra6 d5 25. Ne5 Nf6 {Zhang,Z (1987)-Cheng,Z (1819) Liaocheng CHN 2024 ½-½ (43)}) 11... Rc8 $146 ({RR} 11... d6 12. Rfe1 Ne6 13. e4 Qc7 14. b3 Qc5 15. Nd5 Rfe8 16. Bh3 Bh8 17. Be3 Qa5 18. Bxe6 fxe6 19. Nc7 Nxe4 20. Nxa8 Bxa8 21. Bd4 Qf5 22. Qf4 e5 23. Qxf5 gxf5 24. Bb2 Nxg3 25. Nh4 Ne4 26. Nxf5 {Maznitsin,A (2291)-Sezdbekov,A (1817) Bishkek 2018 ½-½ (42)}) 12. Rfe1 Nce4 13. Nxe4 Bxe4 14. Rd4 Bxf3 15. exf3 Rc5 16. Bxg7 Kxg7 17. Rdd1 d6 18. b3 Qc7 19. Qd4 b5 20. cxb5 Rxb5 21. Rc1 Rc5 22. Rxc5 dxc5 23. Qc3 Rc8 24. f4 Qd6 25. Rc1 Kg8 26. Bf3 Ne8 27. Bg4 e6 28. Be2 Rc7 29. Bb5 Qe7 30. Bxe8 Qxe8 31. Qe5 Qc6 32. Rd1 Rc8 33. Qf6 h5 34. h4 c4 35. bxc4 Qxc4 36. Rd7 Rf8 37. Qb2 a5 38. a3 Qc5 39. a4 Qc6 40. Qd4 Qc1+ 41. Kh2 Qc6 42. Ra7 Qd5 43. Qxd5 exd5 44. Rd7 Ra8 45. Rxd5 Kg7 46. f5 Kf6 47. fxg6 fxg6 48. Kg2 Ke6 49. Rg5 Kf6 50. Kf3 Ra6 51. Ke3 Re6+ 52. Kd3 Rd6+ 53. Kc4 Rd2 54. f4 Ra2 55. Kb5 Ra3 56. Kxa5 Rb3 57. Ka6 Rb4 58. a5 Rb3 59. Ka7 Rb4 60. a6 Rb3 61. Ka8 Rb4 62. Rc5 Rb3 63. a7 Rxg3 64. Rb5 1-0

[Event "Superbet POL Blitz 2024"]
[Site "Warsaw POL"]
[Date "2024.05.11"]
[Round "3.3"]
[White "Keymer, Vincent"]
[Black "Gukesh, D."]
[Result "1-0"]
[WhiteElo "2726"]
[BlackElo "2764"]
[PlyCount "111"]
[EventDate "2024.05.11"]
[EventType "blitz"]

1. Nf3 d5 2. e3 Nf6 3. c4 e6 4. Nc3 Nc6 5. d4 g6 6. Be2 ({RR} 6. b3 Bg7 7. Ba3 Ne7 8. Bd3 O-O 9. O-O b6 10. Rc1 Bb7 11. Qe2 Re8 12. cxd5 exd5 13. Nb5 Nc6 14. Ne5 Nxe5 15. dxe5 Rxe5 16. Rxc7 Ba6 17. Rfc1 Ne8 18. R7c2 Rh5 19. Nd4 Bxd4 20. Bxa6 Be5 {Hergott,D (2445)-Jung,H (2215) Toronto 1996 ½-½ (41)}) ({RR} 6. b3 Bg7 7. Ba3 Ne7 8. Bd3 O-O 9. O-O b6 10. Rc1 Bb7 11. Qe2 Re8 12. cxd5 exd5 13. Nb5 Nc6 14. Ne5 Nxe5 15. dxe5 Rxe5 16. Rxc7 Ba6 17. Rfc1 Ne8 18. R7c2 Rh5 19. Nd4 Bxd4 20. Bxa6 Be5) 6... Bg7 7. O-O ({RR} 7. b3 Bd7 8. Ba3 Ne7 9. O-O O-O 10. Qc2 Re8 11. e4 Bc6 12. e5 Ne4 13. Nd2 Nxc3 14. Qxc3 a6 15. f4 b5 16. Bxe7 Qxe7 17. cxb5 Bxb5 18. Bxb5 axb5 19. b4 Bf8 20. a3 Rac8 21. Nb3 c6 {Cardoso Junior,S (1764)-Bandeira,M (1438) AUDITORIO DO SINTERO - AV. CU 2024 1-0 (41)}) 7... O-O 8. b3 ({RR} 8. Qc2 Re8 9. b3 e5 10. Bb2 Bf5 11. Qd2 e4 12. Ne1 a6 13. f3 Qd6 14. fxe4 Nxe4 15. Nxe4 Bxe4 16. Nf3 Bh6 17. Rae1 Re6 18. Bc1 Nb4 19. c5 Nc2 20. Qxc2 Bxc2 21. cxd6 cxd6 22. Bd1 Rc8) 8... Qe7 $146 ({RR} 8... Re8 9. Bb2 Nd7 10. cxd5 exd5 11. Nxd5 Nf8 12. Nc3 Re7 13. Ba3 Re8 14. Rc1 Bh6 15. d5 Nb8 16. Nb5 Na6 17. d6 cxd6 18. Nxd6 Re6 19. Bc4 Rf6 20. Nxc8 Rxc8 21. Qxd8 Rxd8 22. Be7 Rfd6 23. Bxd8 {Visentin,L-Carillo,S Arvier 2003 1-0 (36)}) ({RR} 8... a6 9. Bb2 Re8 10. a3 b6 11. Qc2 Bb7 12. Rac1 Qd6 13. Rfd1 Rab8 14. Ne5 Nd7 15. Nxc6 Qxc6 16. Bf3 Qd6 17. e4 c6 18. e5 Qe7 19. Qe2 Bh6 20. Rc2 Bg7 21. Bc1 h6 22. Be3 Qxa3 23. Rb1) ({RR} 8... Nb8 9. Ba3 Re8 10. Rc1 Nbd7 11. Qc2 c6 12. Bd6 Ng4 13. h3 Nh6 14. Bf4 dxc4 15. bxc4 Nf5 16. Rfd1 b6 17. Ne5 h6 18. Qa4 Ne7 19. Ne4 Nxe5 20. dxe5 Bd7 21. Rd2 g5 22. Bh2 Ng6 23. Rcd1) ({RR} 8... Re8 9. Bb2 Nd7 10. cxd5 exd5 11. Nxd5 Nf8 12. Nc3 Re7 13. Ba3 Re8 14. Rc1 Bh6 15. d5 Nb8 16. Nb5 Na6 17. d6 cxd6 18. Nxd6 Re6 19. Bc4 Rf6 20. Nxc8 Rxc8 21. Qxd8 Rxd8 22. Be7 Rfd6 23. Bxd8) 9. Bb2 Rd8 10. Qc1 a5 11. Rd1 dxc4 12. Bxc4 b6 13. e4 a4 14. bxa4 Bb7 15. Ba3 Nb4 16. e5 Nd7 17. Qf4 c5 18. Bxb4 cxb4 19. Nb5 Rxa4 20. Nd6 Bxf3 21. Qxf3 Nf8 22. Rac1 Ra3 23. Bb3 Rd7 24. Rc8 Raa7 25. g3 Rd8 26. Rdc1 Rad7 27. R8c6 h5 28. h4 Bh6 29. R1c2 g5 30. Qxh5 Kg7 31. Re2 Ng6 32. Re4 Rh8 33. Qf3 gxh4 34. Rg4 hxg3 35. fxg3 Rc7 36. Bc2 Rxc6 37. Qxc6 Be3+ 38. Kg2 Rh6 39. Qf3 Bd2 40. Bxg6 fxg6 41. Qf2 Bc1 42. Qc2 Be3 43. Qe4 Bg5 44. Rxg5 Qxg5 45. Qb7+ Kg8 46. Qc8+ Kg7 47. Qd7+ Kg8 48. Qxe6+ Kg7 49. Qd7+ Kg8 50. Qe8+ Kg7 51. Qf7+ Kh8 52. Qe8+ Kg7 53. Qd7+ Kg8 54. Ne4 Qf5 55. Nf6+ Kh8 56. Qe8+ 1-0

[Event "Superbet POL Blitz 2024"]
[Site "Warsaw POL"]
[Date "2024.05.11"]
[Round "6.2"]
[White "Wei Yi"]
[Black "Erigaisi, Arjun"]
[Result "1-0"]
[WhiteElo "2755"]
[BlackElo "2762"]
[PlyCount "119"]
[EventDate "2024.05.11"]
[EventType "blitz"]

1. Nf3 d5 2. e3 Nf6 3. c4 e6 4. b3 Bd6 5. Bb2 c6 6. Qc2 Nbd7 7. Nc3 O-O 8. Be2 dxc4 9. bxc4 e5 10. O-O Re8 11. Ng5 Nc5 12. Rad1 ({RR} 12. d4 exd4 13. exd4 Ne6 14. Nce4 Nxe4 15. Nxe4 Nf4 16. Bf3 Bf5 17. Rfe1 Qh4 18. g3 Qh6 19. Qb3 Nh3+ 20. Kg2 Bxe4 21. Bxe4 Ng5 22. Bf5 Qf6 23. Bc2 h5 24. h4 Ne6 25. d5 Nc5 26. Qa3 Qh6 {Kanyamarala,T (2312)-Davtyan,A (2471) Kilkenny IRL 2023 ½-½ (101)}) 12... h6 $146 ({RR} 12... e4 13. f3 Ng4 14. f4 Nxh2 15. Ncxe4 Nxe4 16. Nxe4 Nxf1 17. Ng5 g6 18. Rxf1 Bb4 19. Bd3 Bg4 20. Ba1 Be7 21. Qc3 f6 22. c5 Rf8 23. Bc4+ Kh8 24. Nf7+ Rxf7 25. Bxf7 Kg7 26. Bb3 Be2 27. Rc1 {Dgebuadze,A (2524)-Godart,F (2411) Charleroi 2017 1-0 (44)}) 13. Nge4 Nfxe4 14. Nxe4 Bf5 15. f3 Qe7 16. d3 Nxe4 17. fxe4 Bg6 18. Kh1 Rad8 19. Bg4 Bc5 20. Qe2 Qg5 21. Bc1 b5 22. d4 Bb6 23. c5 Bc7 24. d5 Bxe4 25. d6 Ba5 26. Bf3 Qg6 27. Bh5 Bxg2+ 28. Qxg2 Qxh5 29. Qxc6 e4 30. Bb2 Qe2 31. Bd4 Re6 32. Qd5 Kh7 33. Qf5+ Rg6 34. Qxe4 Bb4 35. Rb1 Re8 36. Qf3 Qc4 37. d7 Rd8 38. c6 Bd6 39. Rbc1 Qxa2 40. Rf2 Qe6 41. Qxf7 Qe4+ 42. Qf3 Qe6 43. Qf5 Qxf5 44. Rxf5 a6 45. c7 Bxc7 46. Rxc7 b4 47. Bc5 b3 48. Rf2 Re6 49. Rb7 a5 50. Bb6 Rxd7 51. Rxd7 Rxb6 52. Rg2 h5 53. Rgxg7+ Kh6 54. Rb7 Rc6 55. Rgc7 Rxc7 56. Rxc7 a4 57. Rb7 Kg5 58. Kg2 Kf5 59. Kf3 Ke5 60. Rb4 1-0

[Event "Superbet POL Blitz 2024"]
[Site "Warsaw POL"]
[Date "2024.05.11"]
[Round "7.3"]
[White "Carlsen, M."]
[Black "Gukesh, D."]
[Result "1-0"]
[WhiteElo "2830"]
[BlackElo "2764"]
[PlyCount "103"]
[EventDate "2024.05.11"]
[EventType "blitz"]

1. Nf3 d5 2. g3 Nc6 3. d4 Bf5 4. Nh4 Bg4 ({RR} 4... Be4 5. f3 Bg6 6. c4 e6 7. e3 Bb4+ 8. Nc3 Nge7 9. Nxg6 hxg6 10. Kf2 O-O 11. Bd2 dxc4 12. Bxc4 e5 13. d5 Na5 14. Be2 c6 15. d6 Nf5 16. a3 Bxc3 17. Bxc3 c5 18. Qd5 Nc6 19. Rad1 {Carlsen,M (2832)-Eljanov,P (2672) chess.com INT 2024 1-0}) 5. Bg2 ({RR} 5. h3 Bh5 6. Ng2 f6 7. Nf4 Bf7 8. c4 e6 9. cxd5 exd5 10. Nc3 Bb4 11. Bg2 Nge7 12. O-O O-O 13. Qb3 a5 14. Rd1 Qd7 15. Ncxd5 Kh8 16. Qf3 Nxd5 17. Nxd5 Rfd8 18. Nxb4 Nxb4 19. Bf4 c6 {Carlsen,M (2833)-Kryakvin,D (2459) chess.com INT 2025 1-0 (49)}) 5... e6 6. O-O $146 ({RR} 6. c4 dxc4 7. Qa4 Bb4+ 8. Bd2 Bxd2+ 9. Nxd2 Nge7 10. e3 e5 11. Nhf3 exd4 12. Nxd4 Bd7 13. Qxc4 O-O 14. N2b3 Nxd4 15. Nxd4 c6 16. O-O Qb6 17. Rac1 Nf5 18. Rfd1 Rfd8 19. Nf3 Qxb2 20. e4 Be6 {Villiers,T (2245)-Jessel,S (2307) England 2019 ½-½ (31)}) 6... Be7 7. h3 Bh5 8. Nf3 Nf6 9. c4 O-O 10. cxd5 exd5 11. Nc3 Ne4 12. Ne5 Nxe5 13. dxe5 Nxc3 14. bxc3 c6 15. f4 f6 16. g4 Bf7 17. exf6 Bc5+ 18. Kh2 Qxf6 19. Qd3 Bg6 20. f5 Bf7 21. Bf4 Bd6 22. Bxd6 Qxd6+ 23. Qg3 Rad8 24. Qxd6 Rxd6 25. Rad1 Rfd8 26. Rf4 c5 27. Ra4 a6 28. Ra5 b5 29. a4 Be8 30. Kg3 d4 31. cxd4 Rxd4 32. Rc1 c4 33. Rxa6 bxa4 34. Bf3 Rc8 35. Rc3 Kf8 36. Ra7 Rd2 37. Kf4 Rb2 38. g5 Rb3 39. Rc1 c3 40. Be4 Rc4 41. Ke3 c2+ 42. Bd3 Rc5 43. Kd4 Rbc3 44. e4 a3 45. e5 Rc8 46. e6 R3c6 47. Be4 Rd6+ 48. Ke5 Rd1 49. Rxc2 Rxc2 50. Bxc2 Re1+ 51. Kd6 Re3 52. f6 1-0

[Event "Superbet POL Blitz 2024"]
[Site "Warsaw POL"]
[Date "2024.05.12"]
[Round "13.3"]
[White "Carlsen, M."]
[Black "Wei Yi"]
[Result "1-0"]
[WhiteElo "2830"]
[BlackElo "2755"]
[PlyCount "115"]
[EventDate "2024.05.11"]
[EventType "blitz"]

1. Nf3 d5 2. g3 g6 3. Bg2 Bg7 4. O-O e5 5. d3 Nc6 6. e4 dxe4 7. dxe4 Qxd1 8. Rxd1 Bg4 9. c3 Nf6 10. h3 Be6 11. Ng5 Bd7 12. Nd2 h6 13. Ngf3 O-O-O 14. Re1 Be6 15. Bf1 Nd7 ({RR} 15... Ne8 16. Kg2 Nd6 17. b4 Rhe8 18. Nh4 g5 19. Nhf3 f5 20. b5 Na5 21. exf5 Bd5 22. g4 c5 23. bxc6 Nxc6 24. Bb2 e4 25. Nd4 e3+ 26. N2f3 exf2 27. Rxe8 Rxe8 28. Kxf2 Ne4+ 29. Kg1 Ng3 30. Bg2 {Petriashvili,N (2450)-Lumachi,G (2450) Trieste ITA 2025 ½-½ (39)}) 16. Nb3 $146 ({RR} 16. Bc4 Rhe8 17. Bxe6 Rxe6 18. Nc4 Nc5 19. a4 Nb3 20. Ra3 Nca5 21. Nxa5 Nxa5 22. Nd2 Rxd2 23. Bxd2 Nc4 24. Bc1 Nxa3 25. bxa3 Ra6 26. f3 Rxa4 27. Kf1 Bf8 28. Bb2 b5 29. Ra1 Kd7 30. Ke2 Ke6 {Markus,R (2599)-Dastan,B (2572) Chess.com INT 2020 ½-½ (60)}) 16... a5 17. Be3 a4 18. Nbd2 Bf8 19. b4 axb3 20. axb3 Bc5 21. Bxc5 Nxc5 22. b4 Nd7 23. Nc4 f6 24. Ra8+ Ncb8 25. Rea1 Nb6 26. Nxb6+ cxb6 27. Nh4 Bf7 28. Ng2 Kc7 29. Ne3 Nc6 30. R8a3 Rd7 31. Bc4 Bxc4 32. Nxc4 b5 33. Ne3 Ne7 34. Ra8 Rhd8 35. Ng4 Ng8 36. Rxd8 Rxd8 37. Kf1 h5 38. Ne3 Ne7 39. Ke2 f5 40. f3 h4 41. gxh4 Rh8 42. exf5 gxf5 43. Rg1 Kd6 44. Rg5 Rxh4 45. Rxf5 Rxh3 46. Rf6+ Kc7 47. Re6 Nc6 48. Nd5+ Kd7 49. Rg6 Rh1 50. Nf6+ Ke7 51. Ne4 Kf7 52. Rf6+ Ke7 53. Rg6 Kf7 54. Rd6 Rh2+ 55. Kd3 Rh1 56. Rd7+ Ke6 57. Rxb7 Kf5 58. Ng3+ 1-0

[Event "Superbet POL Blitz 2024"]
[Site "Warsaw POL"]
[Date "2024.05.12"]
[Round "15.3"]
[White "Carlsen, M."]
[Black "Duda, J."]
[Result "1-0"]
[WhiteElo "2830"]
[BlackElo "2734"]
[PlyCount "131"]
[EventDate "2024.05.11"]
[EventType "blitz"]

1. Nf3 Nf6 2. g3 d5 3. Bg2 c5 4. c4 d4 5. b4 cxb4 6. a3 bxa3 7. O-O Nc6 8. d3 e5 9. Qa4 Bd7 10. Bxa3 Bxa3 11. Qxa3 Qe7 12. Nbd2 Qxa3 13. Rxa3 Ke7 14. Rb1 Rab8 $146 ({RR} 14... b6 15. e3 dxe3 16. fxe3 Rhd8 17. d4 exd4 18. exd4 Rac8 19. d5 Na5 20. Ne5 Kf8 21. Rf1 Rc7 22. Ne4 Nxe4 23. Rxf7+ Kg8 24. Bxe4 Nxc4 25. d6 Nxd6 26. Re7 Nxe4 {0-1 (26) Oparin,G (2667)-Duda,J (2724) chess.com INT 2023}) 15. Ne1 Rhc8 16. Nc2 a6 17. f4 Ng4 18. fxe5 Ngxe5 19. Nf3 Nxf3+ 20. Bxf3 b5 21. Bxc6 Rxc6 22. Nxd4 Rd6 23. e3 Rc8 24. cxb5 axb5 25. Nxb5 Rb6 26. Rab3 Rc2 27. Nd4 Rxb3 28. Rxb3 Rd2 29. Nf3 Re2 30. e4 f6 31. Kf1 Ra2 32. Rb7 Kd6 33. h4 h6 34. Ke1 Rg2 35. d4 Rxg3 36. Kf2 Rg4 37. e5+ Kc6 38. Ra7 Be6 39. Ra6+ Kd7 40. d5 Bxd5 41. Rd6+ Ke7 42. Rxd5 fxe5 43. Rxe5+ Kf6 44. Ra5 Rb4 45. Kg3 Rb3 46. Ra6+ Kf5 47. h5 Rc3 48. Rg6 Rc7 49. Nd4+ Ke5 50. Ne2 Kf5 51. Kf3 Rb7 52. Nd4+ Ke5 53. Ke3 Rb1 54. Rxg7 Rh1 55. Ra7 Rh3+ 56. Nf3+ Kf5 57. Ra5+ Kg4 58. Ra4+ Kf5 59. Rf4+ Ke6 60. Rh4 Rg3 61. Kf4 Rg8 62. Rg4 Rf8+ 63. Ke4 Ra8 64. Rg6+ Kf7 65. Ne5+ Ke7 66. Rxh6 1-0

[Event "Superbet POL Blitz 2024"]
[Site "Warsaw POL"]
[Date "2024.05.12"]
[Round "17.2"]
[White "Praggnanandhaa, R."]
[Black "Wei Yi"]
[Result "1-0"]
[WhiteElo "2747"]
[BlackElo "2755"]
[PlyCount "115"]
[EventDate "2024.05.11"]
[EventType "blitz"]

1. Nf3 d5 2. g3 g6 3. c4 dxc4 4. Na3 Be6 5. Bg2 Bg7 6. Qc2 ({RR} 6. Ng5 Bd5 7. e4 Bc6 8. Nxc4 Qd3 9. Qb3 Qxb3 10. axb3 h6 11. Nh3 Nf6 12. d3 b6 13. Bf4 Kd7 14. Ne5+ Kc8 15. Nxc6 Nxc6 16. e5 Kd7 17. exf6 Bxf6 18. Rc1 Nd4 19. Rxc7+ Kd8 20. Bxa8 e5 {Gutierrez Olivares,D (2354)-Winkels,M (1890) chess.com INT 2025 1-0}) 6... c5 7. Nxc4 Nc6 8. d3 $146 ({RR} 8. O-O Nh6 9. Ne3 Rc8 10. Qxc5 Nd4 11. Qxa7 Nxe2+ 12. Kh1 O-O 13. d4 Nf5 14. Nxf5 Bxf5 15. Qxb7 Nxc1 16. Raxc1 Rb8 17. Qa7 Rxb2 18. Ne5 Bxe5 19. dxe5 Be6 20. a4 Bd5 21. Rfd1 Bxg2+ 22. Kxg2 Qa8+ {Rapport,R (2763)-Aronian,L (2781) Paris 2021 ½-½ (33)}) 8... Rc8 9. Qa4 Bd7 10. O-O a6 11. Qd1 b5 12. Ncd2 Nf6 13. Nb3 c4 14. dxc4 bxc4 15. Nc5 O-O 16. Nxd7 Nxd7 17. Rb1 Nc5 18. Qc2 Qd5 19. Bd2 e5 20. Ng5 Qd7 21. Be3 Nd4 22. Bxd4 exd4 23. Rfd1 h6 24. Nf3 Ne6 25. h4 Qb5 26. Qe4 Rfe8 27. Rdc1 f5 28. Qc2 h5 29. Rd1 Red8 30. Bf1 Bh6 31. b3 d3 32. exd3 cxd3 33. Qb2 Bg7 34. Qd2 Qb7 35. Qe3 Nc5 36. Ng5 Re8 37. Qf4 Rcd8 38. Rbc1 Rd4 39. Qf3 Qb5 40. a4 Qb6 41. Rc4 Rxc4 42. bxc4 Rd8 43. Bxd3 Nxd3 44. Kg2 Ne5 45. Rxd8+ Qxd8 46. Qb7 Qe8 47. Qd5+ Kh8 48. Kg1 Qf8 49. Ne6 Qe7 50. c5 Bf6 51. c6 Nxc6 52. Qxc6 Kh7 53. Qxa6 Be5 54. Ng5+ Kg7 55. Qc4 Bf6 56. Ne6+ Kh7 57. a5 Qd6 58. Qc7+ 1-0

[Event "Superbet POL Blitz 2024"]
[Site "Warsaw POL"]
[Date "2024.05.12"]
[Round "18.5"]
[White "Duda, J."]
[Black "Shevchenko, Kirill"]
[Result "1-0"]
[WhiteElo "2734"]
[BlackElo "2677"]
[PlyCount "95"]
[EventDate "2024.05.11"]
[EventType "blitz"]

1. Nf3 Nf6 2. g3 g6 3. b3 d5 4. Bb2 c5 5. c4 d4 6. b4 Bg7 7. Bg2 O-O 8. O-O Re8 9. bxc5 ({RR} 9. d3 e5 10. bxc5 Nc6 11. Nbd2 e4 12. dxe4 Nxe4 13. Nxe4 Rxe4 14. Nd2 Re8 15. Ne4 Bg4 16. Re1 Qd7 17. Qd2 Re5 18. e3 d3 19. Nd6 Rxc5 20. Bxg7 Qxd6 21. Bb2 Rxc4 22. Rac1 Qb4 23. Bc3 Qd6 {Wojtaszek,R (2670)-Shevchenko,K (2684) Warsaw POL 2023 0-1 (33)}) 9... e5 ({RR} 9... Ne4 10. d3 Nxc5 11. Nbd2 e5 12. Ba3 Nba6 13. Nb3 Bf8 14. h4 Bd7 15. Ng5 Bc6 16. Bxc6 bxc6 17. Nxc5 Nxc5 18. Bxc5 Bxc5 19. Qa4 Be7 20. Ne4 f5 21. Nd2 Qc7 22. Rfb1 e4 23. c5 Bf6 24. Nc4 {Khotenashvili,B (2418)-Injac,T (2454) Rhodes GRE 2025 0-1 (33)}) 10. e3 ({RR} 10. d3 Nfd7 11. Nfd2 Nxc5 12. a4 Nc6 13. Ba3 Bf8 14. Nb3 Nxb3 15. Qxb3 Na5 16. Qb2 Rb8 17. Bxf8 Kxf8 18. Nd2 Bf5 19. Rae1 Qd6 20. f4 Nc6 21. Qb5 Kg7 22. a5 a6 23. Qd5 Qc7 24. Qc5 Re7 {Carlsen,M (2832)-Robson,R (2700) chess.com INT 2024 1-0 (44)}) 10... Nc6 11. Na3 Nd7 $146 ({RR} 11... Bg4 12. h3 Bxf3 13. Bxf3 Nd7 14. Bd5 Nxc5 15. Qf3 Qd7 16. exd4 exd4 17. Nc2 Na4 18. Ba3 Ne5 19. Qb3 Nb6 20. f4 Nc6 21. f5 Nxd5 22. cxd5 Na5 23. Qf3 Nc4 24. Rad1 Re5 25. fxg6 hxg6 26. d3 {Dhananjay,S (2230)-Sygulski,P (2103) Wroclaw POL 2024 0-1 (40)}) 12. Nb5 Nxc5 13. Ba3 Ne4 14. Nh4 a6 15. Bxe4 axb5 16. cxb5 f5 17. Bg2 Rxa3 18. bxc6 e4 19. Qc1 Qd6 20. cxb7 Bxb7 21. Rb1 Ba6 22. Re1 Rxa2 23. Ra1 Rxa1 24. Qxa1 Bc8 25. Qa5 Qd8 26. Qc5 Re5 27. Qxd4 Rd5 28. Qc4 Kh8 29. d4 g5 30. Rc1 Be6 31. Nxf5 Bxf5 32. Qc6 h6 33. Ra1 Kh7 34. Ra7 Qd6 35. Qe8 Qg6 36. Qe7 Rb5 37. h3 Rb1+ 38. Kh2 h5 39. d5 Rb2 40. Kg1 Rb1+ 41. Kh2 Rd1 42. Qe5 Kh6 43. Rxg7 Qxg7 44. Qxf5 h4 45. Bxe4 hxg3+ 46. Kxg3 Qc7+ 47. Kg2 Qe7 48. Qg6# 1-0

[Event "Chess.com Classic Div 1 L"]
[Site "chess.com INT"]
[Date "2024.05.11"]
[Round "1.1"]
[White "Firouzja, Alireza"]
[Black "Sarana, A."]
[Result "1-0"]
[WhiteElo "2738"]
[BlackElo "2706"]
[PlyCount "149"]
[EventDate "2024.05.11"]
[EventType "k.o."]

1. Nf3 d5 2. b3 c5 3. e3 Nc6 4. Bb5 f6 5. c4 ({RR} 5. Nc3 e5 6. Bxc6+ bxc6 7. Ba3 Ba6 8. Na4 Qa5 9. c4 dxc4 10. Qc2 Bb5 11. Qc3 Qa6 12. Bxc5 Bxa4 13. Bxf8 Kxf8 14. bxa4 Ne7 15. Rc1 Qxa4 16. Qxc4 Qxc4 17. Rxc4 Kf7 18. Ke2 Rhb8 19. Rhc1 Rb2 {Carlsen,M (2832)-Nakamura,H (2802) chess.com INT 2024 1-0 (44)}) ({RR} 5. Ba3 Qb6 6. c4 e6 7. Nc3 a6 8. Na4 Qa5 9. Bxc6+ bxc6 10. cxd5 cxd5 11. Rc1 Bd7 12. Bxc5 Bxa4 13. Bxf8 Kxf8 14. bxa4 Ne7 15. Nd4 e5 16. Rc5 Qb6 17. Nb3 Kf7 18. O-O h5 19. d4 e4 {Nihal,S (2687)-Sevian,S (2694) chess.com INT 2025 1-0 (34)}) ({RR} 5. Bxc6+ bxc6 6. d4 cxd4 7. exd4 e6 8. O-O Bd6 9. Ba3 Ne7 10. Bxd6 Qxd6 11. Nbd2 O-O 12. Re1 Ng6 13. c4 Bb7 14. Qc2 e5 15. cxd5 cxd5 16. dxe5 fxe5 17. Qb2 e4 18. Nd4 Nf4 19. Qc3 Qg6 {Veiga,J (2343)-Sarana,A (2682) chess.com INT 2023 0-1}) 5... d4 6. b4 e5 7. d3 Bd7 $146 ({RR} 7... Bd6 8. Nbd2 Nge7 9. Ne4 dxe3 10. fxe3 cxb4 11. c5 Bc7 12. Qb3 a6 13. Ba4 Qd5 14. O-O Be6 15. Qxb4 O-O-O 16. Qb2 Qxd3 17. Nd6+ Bxd6 18. Rb1 Rd7 19. cxd6 Qxd6 20. Bd2 Bd5 21. Bb4 Qxb4 22. Qxb4 {Ganguly,S (2609)-Sankalp,G (2536) chess24.com INT 2022 ½-½ (64)}) 8. Bxc6 Bxc6 9. b5 Bd7 10. O-O Ne7 11. Re1 Kf7 12. exd4 exd4 13. Nbd2 h6 14. Ne4 Ng6 15. h4 h5 16. Neg5+ Kg8 17. Ne6 Qc8 18. Nf4 Bf5 19. Nxg6 Bxg6 20. Bf4 Qf5 21. Re4 Qg4 22. g3 Bxe4 23. dxe4 Re8 24. Qd3 g6 25. Re1 Rh7 26. e5 Qf5 27. Qxf5 gxf5 28. Rd1 fxe5 29. Nxe5 Rhe7 30. Nd3 Re2 31. Bd2 Bd6 32. Kg2 Kf7 33. Kf3 R2e4 34. a4 Kf6 35. a5 Ke6 36. Rb1 Kd7 37. Rd1 R8e7 38. Bg5 R7e6 39. Bf4 Re8 40. Bd2 R8e7 41. Bg5 Rg7 42. Bh6 Rg8 43. Bd2 Rge8 44. Bg5 Re2 45. Bd2 R8e6 46. Nc1 R2e4 47. Nd3 Rf6 48. Bg5 Rf8 49. Bh6 Ra8 50. Rb1 Kc7 51. Bd2 Rb8 52. Ra1 a6 53. Rb1 Ra8 54. Rb2 Rb8 55. Rb1 Ree8 56. Nf4 axb5 57. Rxb5 Ra8 58. Nd5+ Kb8 59. Nf6 Re7 60. Nxh5 Ra6 61. Nf6 Re6 62. Nd5 Kc8 63. h5 Bf8 64. Bf4 Bh6 65. Nc7 Bxf4 66. Nxe6 Bd2 67. Rxc5+ Kb8 68. Nxd4 Bxa5 69. Rxf5 Kc8 70. Rf8+ Kd7 71. Rf7+ Kc8 72. Nf5 Bc3 73. h6 Ra3 74. h7 Kd8 75. Kg4 1-0